Caribbean Reef Fish by Picture - Statistics

General Stats
  • This quiz has been taken 76 times
  • The average score is 15 of 27
Answer Stats
Picture Answer % Correct
Atlantic Goliath {Grouper}
92%
Green {Moray} Eel
88%
Common {Lion}fish
79%
Queen {Angel}fish
77%
Atlantic Blue {Tang}
73%
Great {Barracuda}
71%
Longsnout {Seahorse}
69%
Stoplight {Parrot}fish
67%
Atlantic Peacock {Flounder}
63%
Queen {Trigger}fish
58%
Western Atlantic {Trumpet}fish
58%
Four-eyed {Butterfly}fish
54%
Scrawled {Cow}fish
54%
Scrawled {File}fish
54%
Caribbean Bluehead {Wrasse}
52%
{Squirrel}fish
52%
Yellowtail {Snapper}
52%
Atlantic Crevalle {Jack}
46%
Crocodile {Needle}fish
46%
Harlequin {Bass}
44%
Atlantic {Tarpon}
42%
Caribbean Cocoa {Damsel}fish
42%
Spanish {Hog}fish
42%
Spotted {Drum}
40%
Atlantic {Sergeant Major}
38%
French {Grunt}
35%
{Pork}fish
33%
No matching quizzes found
Score Distribution
Percent of People with Each Score
Percentile by Number Answered
Your Score History
You have not taken this quiz